[Event "Catalunya-chT"]
[Site "Spain"]
[Date "1998.??.??"]
[Round "8"]
[White "Canal Oliveras, Joan"]
[Black "Padros Simon, Antoni"]
[Result "0-1"]
[WhiteElo "2250"]
[BlackElo "2315"]
[PlyCount "124"]
[EventDate "1998.01.??"]
[EventType "team"]
[EventRounds "9"]
[EventCountry "ESP"]
[SourceTitle "EXT 2003"]
[Source "ChessBase"]
[SourceDate "2002.11.25"]
[SourceVersion "1"]
[SourceVersionDate "2002.11.25"]
[SourceQuality "1"]

1. d4 Nf6 2. f3 d5 3. e4 e6 4. Bd3 c5 5. c3 Nc6 6. Ne2 Be7 7. Na3 0-0 8. e5 Nd7 9. 0-0 Qb6 10. Kh1 Re8 11. Bb1 Nf8 12. Nc2 cxd4 13. cxd4 Bd7 14. f4 f5 15. g4 g6 16. Rg1 Kh8 17. Qf1 Nb4 18. Nxb4 Bxb4 19. a4 Re7 20. Be3 Rf7 21. gxf5 exf5 22. Ba2 Bc6 23. Nc3 Rd7 24. Qh3 Re8 25. Rg2 Qd8 26. Rag1 Re6 27. Qxf5 Rg7 28. Qh3 Ree7 29. f5 Rxe5 30. Bg5 Qd7 31. Bf6 Rxf5 32. Bxg7+ Kxg7 33. Bb3 Rf7 34. Qxd7 Nxd7 35. Ba2 Nf6 36. Rf1 Rd7 37. Rgf2 Ng4 38. Rf4 Nh6 39. Re1 Nf5 40. Re6 Kf7 41. Re2 Bd6 42. Rf1 Kg7 43. Rd1 Be7 44. Bb1 Nh6 45. Kg2 a5 46. Bc2 Ng8 47. Kf3 Nf6 48. Ke3 Bd6 49. Kd3 Nh5 50. Rf2 Nf4+ 51. Kd2 Nh5 52. Rdf1 g5 53. Rf5 h6 54. R1f2 Bf4+ 55. Ke2 Bc1 56. Nd1 Nf4+ 57. Kf3 Ne6 58. Kg4 Nxd4 59. Re5 Bf4 60. Re8 Rf7 61. Rd8 Nxc2 62. Rxc2 Bxa4 0-1

[Event "Catalunya-chT"]
[Site "Spain"]
[Date "1998.??.??"]
[Round "5"]
[White "Descarrega Palau, Miguel"]
[Black "Padros Simon, Antoni"]
[Result "1/2-1/2"]
[WhiteElo "2185"]
[BlackElo "2315"]
[PlyCount "23"]
[EventDate "1998.01.??"]
[EventType "team"]
[EventRounds "9"]
[EventCountry "ESP"]
[SourceTitle "EXT 2003"]
[Source "ChessBase"]
[SourceDate "2002.11.25"]
[SourceVersion "1"]
[SourceVersionDate "2002.11.25"]
[SourceQuality "1"]

1. e4 e5 2. Nf3 Nc6 3. Bc4 Be7 4. Nc3 Nf6 5. d3 d6 6. a3 Bg4 7. h3 Bxf3 8. Qxf3 Nd4 9. Qd1 Qd7 10. Ne2 Nxe2 11. Qxe2 c6 12. Bg5 1/2-1/2